| 000 | 01892nam a2200289Ia 4500 | ||
|---|---|---|---|
| 999 |
_c54734 _d54734 |
||
| 001 | 21801 | ||
| 003 | GE_BSU | ||
| 005 | 20220517162324.0 | ||
| 008 | 181216s2016||||ge |||||||||||||| ||geo|| | ||
| 020 | _a9789941091926 | ||
| 040 | _cGE_BSU | ||
| 041 | _ageo | ||
| 080 | _a821.133.1-31 ტ-92 | ||
| 100 |
_aტურნიე, მიშელ _911749 |
||
| 245 |
_aგასპარი, მელქიორი და ბალთაზარი ; ელეაზარი ანუ წყარო და ბუჩქი : _bრომანები / _cმიშელ ტურნიე ; ფრანგულიდან თარგმნა ელისაბედ ჯიჯავაძემ ; რედაქტორი ელზა ახვლედიანი ; წინასიტყვაობა ზაზა შათირიშვილი ; ყდის დიზაინი მარიამ ჭკადუა. |
||
| 264 |
_aთბილისი : _bალეფი, _c2016. |
||
| 300 |
_a340 გვ. ; _c21 სმ. |
||
| 500 | _aწიგნი გამოიცა ფრანგული ინსტიტუტის საგამომცემლო დახმარების პროგრამის ხელშეწყობით | ||
| 541 | _h5 ლ. | ||
| 546 | _aდამატებითი სატიტულო გვერდი ფრანგულ ენაზე | ||
| 653 | _aგასპარი, მელქიორი და ბალთაზარი | ||
| 653 | _aელეაზარი ანუ წყარო და ბუჩქი | ||
| 653 | _aრომანები | ||
| 700 |
_aჯიჯავაძე, ელისაბედ _eმთარგმნელი _913762 |
||
| 700 |
_aახვლედიანი, ელზა _eრედაქტორი _913763 |
||
| 942 |
_cBK _2udc |
||